Measuring the global construction industry: improving the quality of data (Record no. 71884)

MARC details
000 -LEADER
fixed length control field 01095cam a2200217 4500
001 - CONTROL NUMBER
control field ABS66193
008 - FIXED-LENGTH DATA ELEMENTS--GENERAL INFORMATION
fixed length control field 030107n2002 000 0 eng u
035 ## - SYSTEM CONTROL NUMBER
System control number (Sirsi) u120931
100 ## - MAIN ENTRY--PERSONAL NAME
Personal name Ruddock, L
245 ## - TITLE STATEMENT
Title Measuring the global construction industry: improving the quality of data
260 ## - PUBLICATION, DISTRIBUTION, ETC.
Date of publication, distribution, etc. 2002
490 ## - SERIES STATEMENT
Series statement Construction Management and Economics
Volume/sequential designation 20(7) October 2002, 553-556(4)
520 ## - SUMMARY, ETC.
Summary, etc. Advocates that the truly global construction market needs an international strategy to ensure that national and international statistical systems can provide accurate and valid information about it. The paper looks at the problems of international data comparability, the quality of existing sources and the information user profile. Concludes with possible strategies for the improvement of data collection systems in the context of user needs. References. (TAKEN FROM JOURNAL ABSTRACT).
590 ## - LOCAL NOTE (RLIN)
Local note ABS
650 ## - SUBJECT ADDED ENTRY--TOPICAL TERM
Topical term or geographic name entry element STATISTICS
650 ## - SUBJECT ADDED ENTRY--TOPICAL TERM
Topical term or geographic name entry element CONSTRUCTION ACTIVITY
650 ## - SUBJECT ADDED ENTRY--TOPICAL TERM
Topical term or geographic name entry element GLOBAL CONSTRUCTION
650 ## - SUBJECT ADDED ENTRY--TOPICAL TERM
Topical term or geographic name entry element DATA COLLECTION
690 ## - LOCAL SUBJECT ADDED ENTRY--TOPICAL TERM (OCLC, RLIN)
Topical term or geographic name as entry element BUILT ENVIRONMENT
942 ## - ADDED ENTRY ELEMENTS (KOHA)
Suppress in OPAC 0
Holdings
Withdrawn status Lost status Source of classification or shelving scheme Damaged status Not for loan Home library Current library Shelving location Date acquired Total Checkouts Full call number Barcode Date last seen Copy number Price effective from Koha item type
    Dewey Decimal Classification     London London Journal article 07/01/2003   ABS66193 120931-1001 06/08/2019 1 06/08/2019 Journal article